| 000 | 00915 a2200193 4500 | ||
|---|---|---|---|
| 020 | _a7115209545 (paperback) | ||
| 020 | _a9787115209542 (paperback) | ||
| 082 | _a519.2 | ||
| 090 |
_c1765 _d1765 |
||
| 100 | 1 | _aRoss, Sheldon M. | |
| 245 | 1 | 2 |
_aA first course in probability / _cSheldon M. Ross. |
| 250 | _a8th International Edition. | ||
| 260 |
_a[S.l.] : _bPrentice Hall, _c2009. |
||
| 300 |
_a530 p. ; _c24 cm. |
||
| 520 | _a8th International Edition of "A First Course in Probability" by Sheldon M. Ross. There are Chinese characters on the cover, the first few pages, and the last page, but all text is in English. | ||
| 942 |
_aSNS _cBK _k519.2 ROS |
||
| 999 |
_c30372 _d30372 |
||